[Event "ISR-chT"]
[Site "Israel"]
[Date "2022.02.18"]
[Round "7.5"]
[White "Galburd, Yan"]
[Black "Sutovsky, Emil"]
[Result "1/2-1/2"]
[WhiteElo "2430"]
[BlackElo "2628"]
[PlyCount "120"]
[EventDate "2022.01.14"]
[EventType "team-tourn"]
[EventRounds "11"]
[EventCountry "ISR"]
[SourceTitle "EXT 2023"]
[Source "ChessBase"]
[SourceDate "2022.10.05"]
[SourceVersion "1"]
[SourceVersionDate "2022.10.05"]
[SourceQuality "1"]
[WhiteTeam "Rehovot"]
[BlackTeam "Ashdod"]
[WhiteTeamCountry "ISR"]
[BlackTeamCountry "ISR"]

1. d4 Nf6 2. Nf3 g6 3. Nc3 d5 4. Bf4 Bg7 5. Nb5 Na6 6. e3 Nh5 7. Bg5 h6 8. Bh4 g5 9. Nd2 gxh4 10. Qxh5 Bf6 11. Nc3 Nb4 12. 0-0-0 Rg8 13. h3 Rg5 14. Qe2 c6 15. a3 Na6 16. Nf3 Rg6 17. e4 Nc7 18. Qe3 Ne6 19. Bd3 Rxg2 20. Rhg1 Rxg1 21. Rxg1 Bg5 22. Nxg5 hxg5 23. exd5 cxd5 24. f4 Qd6 25. f5 Qf4 26. Nxd5 Qxe3+ 27. Nxe3 Nxd4 28. Rxg5 Kf8 29. Rh5 Kg7 30. Rxh4 Nc6 31. Nd5 Rb8 32. f6+ exf6 33. Rh7+ Kf8 34. Rh8+ Kg7 35. Rh7+ Kf8 36. Nxf6 Be6 37. Rh8+ Ke7 38. Rxb8 Nxb8 39. Ng4 Bxg4 40. hxg4 Nd7 41. g5 Nc5 42. Kd2 Ne6 43. g6 fxg6 44. Bxg6 a5 45. Be4 b6 46. Kc3 Kd6 47. Kc4 Nc7 48. Bf5 Kc6 49. Bc8 Ne8 50. Kd4 Kd6 51. Bb7 Nc7 52. Kc4 b5+ 53. Kd3 Kc5 54. c3 a4 55. Bc8 Nd5 56. Bd7 Nb6 57. Be6 Kd6 58. Bf7 Kc5 59. b4+ axb3 60. Bxb3 Nd7 1/2-1/2

[Event "ISR-chT"]
[Site "Israel"]
[Date "2022.01.21"]
[Round "3.3"]
[White "Galburd, Yan"]
[Black "Erenberg, Ariel"]
[Result "0-1"]
[WhiteElo "2430"]
[BlackElo "2512"]
[PlyCount "104"]
[EventDate "2022.01.14"]
[EventType "team-tourn"]
[EventRounds "11"]
[EventCountry "ISR"]
[SourceTitle "EXT 2023"]
[Source "ChessBase"]
[SourceDate "2022.10.05"]
[SourceVersion "1"]
[SourceVersionDate "2022.10.05"]
[SourceQuality "1"]
[WhiteTeam "Rehovot"]
[BlackTeam "Kfar Saba"]
[WhiteTeamCountry "ISR"]
[BlackTeamCountry "ISR"]

1. d4 Nf6 2. Nf3 e6 3. Bf4 b6 4. e3 Bb7 5. Be2 Be7 6. h3 0-0 7. 0-0 c5 8. c3 cxd4 9. exd4 d6 10. Re1 Nbd7 11. a4 a6 12. Nbd2 Re8 13. Bf1 Nf8 14. Bh2 Rc8 15. Nc4 Ng6 16. Nfd2 Nd5 17. Qb3 Rb8 18. Qd1 b5 19. axb5 axb5 20. Ne3 Qb6 21. Nf3 Ndf4 22. Nc2 Ra8 23. Rb1 Rec8 24. Bg3 Ra7 25. Kh2 Nh5 26. Qe2 Bc6 27. Nb4 Be8 28. Rec1 Rac7 29. Nd3 Bf6 30. Nb4 Nxg3 31. fxg3 Qb7 32. Rd1 Ne7 33. g4 Nd5 34. g5 Be7 35. Nxd5 Qxd5 36. Qe3 Bc6 37. Bd3 Qb3 38. Rdc1 Bxf3 39. gxf3 d5 40. h4 b4 41. h5 bxc3 42. bxc3 Qa2+ 43. Kg3 Bd6+ 44. f4 Rxc3 45. g6 hxg6 46. hxg6 Qa3 47. Rd1 Qa7 48. Kg4 Qe7 49. Re1 Qf6 50. Rb7 Rxd3 51. Qxd3 Qxf4+ 52. Kh5 f5 0-1

[Event "ISR-chT"]
[Site "Israel"]
[Date "2021.06.12"]
[Round "8.2"]
[White "Galburd, Yan"]
[Black "Bar, Roman"]
[Result "1/2-1/2"]
[WhiteElo "2429"]
[BlackElo "2491"]
[PlyCount "113"]
[EventDate "2021.04.22"]
[EventType "team-tourn"]
[EventRounds "11"]
[EventCountry "ISR"]
[SourceTitle "EXT 2022"]
[Source "ChessBase"]
[SourceDate "2021.10.06"]
[SourceVersion "1"]
[SourceVersionDate "2021.10.06"]
[SourceQuality "1"]
[WhiteTeam "Tsafrir Rehovot"]
[BlackTeam "Ashdod Elite"]
[WhiteTeamCountry "ISR"]
[BlackTeamCountry "ISR"]

1. e4 c5 2. Nc3 Nc6 3. Bb5 Nd4 4. Nf3 e6 5. 0-0 a6 6. Bd3 Nc6 7. e5 d6 8. exd6 Bxd6 9. Re1 Nf6 10. Ne4 Be7 11. Nxf6+ Bxf6 12. Be4 Bd7 13. d3 0-0 14. c3 h6 15. Be3 Be7 16. d4 cxd4 17. cxd4 Bd6 18. Bb1 Nb4 19. Ne5 f5 20. a3 Bxe5 21. dxe5 Nd5 22. Ba2 Bc6 23. Qh5 Qe8 24. Qxe8 Rfxe8 25. Bd2 Rac8 26. Rac1 Kf7 27. f3 Ne7 28. Kf2 Bd5 29. Bb1 Rxc1 30. Rxc1 Rc8 31. Rxc8 Nxc8 32. Ke3 Ne7 33. Bc3 Nc6 34. h4 Bb3 35. h5 Bc4 36. Bc2 Ke7 37. b3 Bd5 38. g4 fxg4 39. fxg4 Kf7 40. Bg6+ Kf8 41. Bc2 Kf7 42. b4 Ke8 43. Bd3 Bb3 44. Be4 Bd1 45. Kf4 Bb3 46. Be1 Bd5 47. Bg6+ Kd7 48. Bf2 Ne7 49. Bf7 Bb3 50. Bc5 Bd1 51. Kg3 Be2 52. a4 Bd1 53. a5 Be2 54. Bd6 Bd1 55. Bc5 Be2 56. Bd6 Bd1 57. Bc5 1/2-1/2

[Event "ISR-chT"]
[Site "Israel"]
[Date "2021.06.11"]
[Round "7.6"]
[White "Mikhalevski, Victor"]
[Black "Galburd, Yan"]
[Result "1-0"]
[WhiteElo "2581"]
[BlackElo "2429"]
[PlyCount "53"]
[EventDate "2021.04.22"]
[EventType "team-tourn"]
[EventRounds "11"]
[EventCountry "ISR"]
[SourceTitle "EXT 2022"]
[Source "ChessBase"]
[SourceDate "2021.10.06"]
[SourceVersion "1"]
[SourceVersionDate "2021.10.06"]
[SourceQuality "1"]
[WhiteTeam "Beer Sheva Eliahu Levant"]
[BlackTeam "Tsafrir Rehovot"]
[WhiteTeamCountry "ISR"]
[BlackTeamCountry "ISR"]

1. c4 e6 2. g3 d5 3. Bg2 dxc4 4. Qa4+ c6 5. Qxc4 c5 6. d3 Nf6 7. Nc3 Be7 8. Bg5 Nbd7 9. Nf3 0-0 10. 0-0 h6 11. Bf4 Nb6 12. Qb3 Nbd5 13. Ne5 Bd6 14. Nxd5 exd5 15. d4 c4 16. Qc2 Be6 17. b3 Qc7 18. Rab1 Rab8 19. a4 Rfc8 20. Rfc1 a6 21. bxc4 dxc4 22. a5 Nh5 23. Rb6 c3 24. Rcb1 g5 25. Nxf7 Bxf4 26. Nxh6+ Kg7 27. Rxe6 1-0

[Event "ISR-chT"]
[Site "Israel"]
[Date "2021.05.01"]
[Round "4.2"]
[White "Galburd, Yan"]
[Black "Bronstein, Or"]
[Result "0-1"]
[WhiteElo "2429"]
[BlackElo "2458"]
[PlyCount "84"]
[EventDate "2021.04.22"]
[EventType "team-tourn"]
[EventRounds "11"]
[EventCountry "ISR"]
[SourceTitle "EXT 2022"]
[Source "ChessBase"]
[SourceDate "2021.10.06"]
[SourceVersion "1"]
[SourceVersionDate "2021.10.06"]
[SourceQuality "1"]
[WhiteTeam "Tsafrir Rehovot"]
[BlackTeam "Rishon Le Zion Feldklein"]
[WhiteTeamCountry "ISR"]
[BlackTeamCountry "ISR"]

1. e4 c5 2. Nc3 e6 3. Nf3 Nc6 4. d4 cxd4 5. Nxd4 Nf6 6. Nxc6 bxc6 7. e5 Nd5 8. Ne4 Qc7 9. f4 Qb6 10. c4 Bb4+ 11. Ke2 f5 12. exf6 Nxf6 13. Be3 Qd8 14. Nd6+ Bxd6 15. Qxd6 Bb7 16. Rd1 Rc8 17. Qc5 Qc7 18. g3 Kf7 19. Bg2 d5 20. Rhe1 Rhe8 21. Kf1 Kg8 22. Kg1 Nd7 23. Qa3 Nb6 24. cxd5 cxd5 25. Qxa7 Nc4 26. Qd4 Qa5 27. a3 Qb5 28. Bc1 Nd6 29. b4 Rc2 30. Bf1 Qc6 31. Be3 Nc4 32. Qc5 Ne5 33. fxe5 Rxc5 34. Bxc5 d4 35. Rxd4 Qh1+ 36. Kf2 Qxh2+ 37. Ke3 Qxg3+ 38. Kd2 Qxa3 39. Bc4 Qb2+ 40. Kd3 h5 41. Rg1 Bf3 42. Rd7 Bg4 0-1

[Event "ISR-chT"]
[Site "Israel"]
[Date "2020.09.11"]
[Round "11.4"]
[White "Nabaty, Tamir"]
[Black "Galburd, Yan"]
[Result "1-0"]
[WhiteElo "2644"]
[BlackElo "2450"]
[PlyCount "81"]
[EventDate "2020.01.10"]
[EventType "team-tourn"]
[EventRounds "11"]
[EventCountry "ISR"]
[SourceTitle "EXT 2021"]
[Source "ChessBase"]
[SourceDate "2020.10.23"]
[SourceVersion "1"]
[SourceVersionDate "2020.10.23"]
[SourceQuality "1"]
[WhiteTeam "Kfar Saba Hapoel"]
[BlackTeam "Tsafrir Rehovot"]
[WhiteTeamCountry "ISR"]
[BlackTeamCountry "ISR"]

1. d4 d5 2. Nf3 Nf6 3. c4 e6 4. e3 a6 5. b3 c5 6. Ba3 dxc4 7. bxc4 Qa5+ 8. Qd2 Qxd2+ 9. Nbxd2 cxd4 10. Bxf8 Kxf8 11. exd4 b6 12. Bd3 Bb7 13. Ke2 Nbd7 14. Rhc1 Ke7 15. Rc2 Rhc8 16. Rac1 h6 17. h4 a5 18. g3 Bc6 19. Rb2 Ra7 20. Rcb1 g6 21. Ne1 Rcc7 22. f4 Ra8 23. Nef3 Bxf3+ 24. Nxf3 Rg8 25. Rg1 Ne8 26. g4 Nd6 27. a4 Rgc8 28. Rc2 Kd8 29. Ne5 Nxe5 30. fxe5 Nxc4 31. h5 Na3 32. Rxc7 Rxc7 33. g5 hxg5 34. h6 Kd7 35. h7 Rc8 36. Ra1 Nc2 37. Rh1 Nxd4+ 38. Ke3 Nf5+ 39. Bxf5 Rh8 40. Bd3 Ke8 41. Kf3 1-0

[Event "ISR-chT"]
[Site "Israel"]
[Date "2020.02.07"]
[Round "5.2"]
[White "Ben Menachem, Itzhak"]
[Black "Galburd, Yan"]
[Result "1/2-1/2"]
[WhiteElo "2316"]
[BlackElo "2450"]
[PlyCount "75"]
[EventDate "2020.01.10"]
[EventType "team-tourn"]
[EventRounds "11"]
[EventCountry "ISR"]
[SourceTitle "CBM 194 Extra"]
[Source "ChessBase"]
[SourceDate "2020.03.31"]
[SourceVersion "1"]
[SourceVersionDate "2020.03.31"]
[SourceQuality "1"]
[WhiteTeam "Herzliya Atudat Haim"]
[BlackTeam "Tsafrir Rehovot"]
[WhiteTeamCountry "ISR"]
[BlackTeamCountry "ISR"]

1. d4 d5 2. Nf3 c5 3. c4 e6 4. cxd5 exd5 5. Nc3 Nc6 6. g3 Nf6 7. Bg2 cxd4 8. Nxd4 Bc5 9. Nb3 Bb6 10. 0-0 d4 11. Na4 0-0 12. Nxb6 axb6 13. Bxc6 bxc6 14. Qxd4 c5 15. Qxd8 Rxd8 16. Bf4 Be6 17. Bc7 Rdc8 18. Be5 Nd5 19. Nc1 f6 20. Bf4 Nxf4 21. gxf4 Rd8 22. b3 Rd2 23. Re1 Kf7 24. f3 b5 25. Kf2 c4 26. bxc4 Bxc4 27. Rb1 Ra3 28. Rb4 Ke8 29. h4 g6 30. Rh1 Kd7 31. Ke1 Rc2 32. Kd1 Rac3 33. Rb1 Kc6 34. a3 Kd5 35. h5 g5 36. fxg5 fxg5 37. Rg1 h6 38. Rg4 1/2-1/2

[Event "EU-Cup 35th"]
[Site "Ulcinj"]
[Date "2019.11.13"]
[Round "4.6"]
[White "Galburd, Yan"]
[Black "Howell, David"]
[Result "1-0"]
[WhiteElo "2429"]
[BlackElo "2701"]
[PlyCount "143"]
[EventDate "2019.11.10"]
[EventType "team-swiss"]
[EventRounds "7"]
[EventCountry "MNE"]
[SourceTitle "CBM 193 Extra"]
[Source "ChessBase"]
[SourceDate "2020.01.31"]
[SourceVersion "1"]
[SourceVersionDate "2020.01.31"]
[SourceQuality "1"]
[WhiteTeam "Rehovot"]
[BlackTeam "Valerenga"]
[WhiteTeamCountry "ISR"]
[BlackTeamCountry "NOR"]

1. e4 c5 2. Nf3 e6 3. g3 Nc6 4. Bg2 Nf6 5. Qe2 e5 6. 0-0 g6 7. c3 d6 8. Rd1 Qe7 9. d3 Bg7 10. Bg5 0-0 11. Nbd2 h6 12. Bxf6 Qxf6 13. Nc4 b5 14. Ne3 a5 15. a4 b4 16. Nd2 Rb8 17. Ndc4 Qd8 18. Nd5 Be6 19. Rac1 Qd7 20. Rf1 Rbe8 21. Qd2 Qd8 22. Ra1 Kh7 23. Rae1 h5 24. h4 Bxd5 25. exd5 Ne7 26. Qc2 f5 27. Nd2 Bh6 28. Nc4 Ng8 29. Bf3 Nf6 30. Kg2 Rf7 31. Qb1 Rfe7 32. Kg1 Kh8 33. Qc2 g5 34. hxg5 Bxg5 35. Kg2 e4 36. dxe4 fxe4 37. Bxh5 Nxh5 38. Rh1 Rh7 39. Rxe4 Rg8 40. Qd1 Nf6 41. Re6 Qd7 42. Nxd6 Qg7 43. Rxh7+ Nxh7 44. Qh5 Rf8 45. Ne4 Qf7 46. Qxf7 Rxf7 47. Nxc5 bxc3 48. bxc3 Nf6 49. c4 Bc1 50. Nb3 Ba3 51. Nxa5 Kg7 52. Nc6 Bc5 53. f4 Rb7 54. a5 Rb2+ 55. Kh3 Rb3 56. Re2 Nh5 57. Kg4 Nxg3 58. Rg2 Nf1 59. Kf5+ Kf8 60. Ke6 Ne3 61. Rg3 Rb7 62. d6 Bxd6 63. Rxe3 Bc5 64. Re5 Bf2 65. c5 Rb1 66. a6 Ra1 67. a7 Ke8 68. Kd6+ Kf7 69. Kc7 Bg3 70. Kb7 Rb1+ 71. Ka6 Ra1+ 72. Na5 1-0

[Event "EU Univ rapid op"]
[Site "Budapest"]
[Date "2019.07.25"]
[Round "4"]
[White "Petrosyan, Tigran S"]
[Black "Galburd, Yan"]
[Result "0-1"]
[WhiteElo "2448"]
[BlackElo "2429"]
[PlyCount "68"]
[EventDate "2019.07.25"]
[EventType "team-swiss (rapid)"]
[EventRounds "9"]
[EventCountry "HUN"]
[SourceTitle "EXT 2020"]
[Source "ChessBase"]
[SourceDate "2019.10.17"]
[SourceVersion "1"]
[SourceVersionDate "2019.10.17"]
[SourceQuality "1"]
[WhiteTeam "Armenian Univ of Economics"]
[BlackTeam "Israel Open Univ"]
[WhiteTeamCountry "ARM"]
[BlackTeamCountry "ISR"]

1. Nf3 d5 2. d4 e6 3. c4 a6 4. b3 Bb4+ 5. Bd2 Be7 6. Bc3 Nf6 7. Nbd2 0-0 8. e3 b6 9. Bd3 c5 10. 0-0 Bb7 11. Qe2 Nc6 12. Bb2 Nb4 13. Bb1 Rc8 14. a3 Nc6 15. Bd3 dxc4 16. bxc4 Qc7 17. Rac1 Rfd8 18. Rfd1 Qb8 19. Nb3 cxd4 20. exd4 Qa8 21. Ng5 Re8 22. Re1 g6 23. Bb1 b5 24. cxb5 axb5 25. Nc5 Na5 26. Ba2 Nc4 27. Ba1 Bd5 28. Rc3 h6 29. Nh3 Bxg2 30. Nf4 Bd5 31. Rg3 Bd6 32. Nxd5 exd5 33. Qf1 Bxg3 34. hxg3 Qxa3 0-1

[Event "ISR-chT"]
[Site "Israel"]
[Date "2019.03.09"]
[Round "10.5"]
[White "Givon, Asaf"]
[Black "Galburd, Yan"]
[Result "1/2-1/2"]
[WhiteElo "2465"]
[BlackElo "2397"]
[PlyCount "44"]
[EventDate "2019.01.04"]
[EventType "team-tourn"]
[EventRounds "11"]
[EventCountry "ISR"]
[SourceTitle "CBM 189 Extra"]
[Source "ChessBase"]
[SourceDate "2019.06.03"]
[SourceVersion "1"]
[SourceVersionDate "2019.06.03"]
[SourceQuality "1"]
[WhiteTeam "Kfar Saba"]
[BlackTeam "Tsafrir Rehovot"]
[WhiteTeamCountry "ISR"]
[BlackTeamCountry "ISR"]

1. e4 e6 2. d4 d5 3. Nc3 Bb4 4. e5 c5 5. a3 Ba5 6. b4 cxd4 7. Qg4 Kf8 8. Nb5 Bb6 9. Nf3 Nc6 10. Bb2 Nge7 11. Bd3 Ng6 12. Qg3 f6 13. Bxg6 hxg6 14. Nbxd4 Kf7 15. Nb5 fxe5 16. Nxe5+ Nxe5 17. Bxe5 Rh5 18. f4 Qh4 19. 0-0-0 Qxg3 20. hxg3 Rxh1 21. Rxh1 Kg8 22. Kb2 Bd7 1/2-1/2

[Event "ISR-chT"]
[Site "Israel"]
[Date "2019.02.23"]
[Round "8.4"]
[White "Galburd, Yan"]
[Black "Baron, Tal"]
[Result "1/2-1/2"]
[WhiteElo "2397"]
[BlackElo "2519"]
[PlyCount "36"]
[EventDate "2019.01.04"]
[EventType "team-tourn"]
[EventRounds "11"]
[EventCountry "ISR"]
[SourceTitle "CBM 189 Extra"]
[Source "ChessBase"]
[SourceDate "2019.06.03"]
[SourceVersion "1"]
[SourceVersionDate "2019.06.03"]
[SourceQuality "1"]
[WhiteTeam "Tsafrir Rehovot"]
[BlackTeam "Rishon Le Zion Feldklein"]
[WhiteTeamCountry "ISR"]
[BlackTeamCountry "ISR"]

1. d4 e6 2. Nf3 c5 3. c3 d5 4. Bf4 Bd6 5. dxc5 Bxf4 6. Qa4+ Nd7 7. Qxf4 Ne7 8. b4 0-0 9. e3 a5 10. Bb5 axb4 11. cxb4 Nxc5 12. Nbd2 Bd7 13. Be2 Ra4 14. 0-0 Ne4 15. Nxe4 Ng6 16. Qd6 dxe4 17. Rfd1 exf3 18. Bxf3 Nh4 1/2-1/2

[Event "ISR-chT"]
[Site "Israel"]
[Date "2019.02.22"]
[Round "7.5"]
[White "Zifroni, Dov"]
[Black "Galburd, Yan"]
[Result "1/2-1/2"]
[WhiteElo "2442"]
[BlackElo "2397"]
[PlyCount "219"]
[EventDate "2019.01.04"]
[EventType "team-tourn"]
[EventRounds "11"]
[EventCountry "ISR"]
[SourceTitle "CBM 189 Extra"]
[Source "ChessBase"]
[SourceDate "2019.06.03"]
[SourceVersion "1"]
[SourceVersionDate "2019.06.03"]
[SourceQuality "1"]
[WhiteTeam "Herzliya"]
[BlackTeam "Tsafrir Rehovot"]
[WhiteTeamCountry "ISR"]
[BlackTeamCountry "ISR"]

1. d4 Nf6 2. c4 e6 3. g3 d5 4. Nf3 dxc4 5. Bg2 Bb4+ 6. Bd2 a5 7. Qc2 c5 8. Qxc4 Bxd2+ 9. Nbxd2 cxd4 10. Qxd4 Qe7 11. Nc4 0-0 12. Qd6 Qxd6 13. Nxd6 Ra6 14. Rd1 Rd8 15. Nxc8 Rxc8 16. Ne5 Nc6 17. Nxc6 bxc6 18. Rd2 Rb6 19. Kd1 Kf8 20. Kc1 Rcb8 21. Rhd1 Ke7 22. Rc2 Nd5 23. a3 f5 24. Rd4 Kd6 25. e4 fxe4 26. Rxe4 Rf8 27. Bf1 Rb3 28. Rec4 Ne7 29. Bg2 Rb6 30. Re4 Nd5 31. Rce2 Rf6 32. Bh3 Nc7 33. f4 Rb5 34. Bg2 Nd5 35. Re5 h6 36. Bh3 Nc7 37. Rd2+ Nd5 38. Rde2 Nc7 39. Bg2 Nd5 40. Rc2 Rf8 41. Re1 Rf6 42. Bf1 Rb6 43. Bc4 g5 44. fxg5 hxg5 45. Rce2 Rb8 46. Re4 Rh8 47. R1e2 Rhh6 48. Kd2 Rf8 49. Rg4 Rfh8 50. Rxg5 Rxh2 51. Rg7 Rxe2+ 52. Bxe2 Rh2 53. Ra7 Rg2 54. Rxa5 Rxg3 55. Ra4 Rg2 56. Rg4 Rh2 57. b4 e5 58. Ke1 Ne3 59. Rg6+ Kd5 60. Bf3+ e4 61. Bxe4+ Kxe4 62. Rxc6 Nc2+ 63. Kf1 Nxa3 64. Re6+ Kd3 65. Rf6 Kc3 66. Rf2 Rh4 67. Kg2 Kxb4 68. Kg3 Rh8 69. Rd2 Kc3 70. Rd7 Rf8 71. Rd6 Nc2 72. Rd7 Nd4 73. Kg4 Kd3 74. Re7 Nf3 75. Re6 Kd4 76. Re2 Ne5+ 77. Kg5 Kd5 78. Ra2 Nf3+ 79. Kg4 Nd4 80. Ra7 Nc6 81. Ra4 Ke5 82. Kg3 Nd4 83. Ra7 Rf3+ 84. Kg2 Rb3 85. Ra8 Kf4 86. Rf8+ Nf5 87. Kf2 Rb2+ 88. Ke1 Ke3 89. Re8+ Kd3 90. Rd8+ Nd4 91. Kf1 Ra2 92. Re8 Nf5 93. Rd8+ Ke3 94. Re8+ Kf3 95. Ke1 Nd6 96. Rf8+ Ke3 97. Kd1 Kd3 98. Rf3+ Kd4 99. Rf8 Ke3 100. Rd8 Nf5 101. Re8+ Kd3 102. Ke1 Rh2 103. Rd8+ Nd4 104. Re8 Nc2+ 105. Kf1 Ne3+ 106. Kg1 Rg2+ 107. Kh1 Rg7 108. Kh2 Ke2 109. Kh3 Kf3 110. Rf8+ 1/2-1/2

[Event "ISR-chT"]
[Site "Israel"]
[Date "2019.01.04"]
[Round "1.6"]
[White "Roiz, Michael"]
[Black "Galburd, Yan"]
[Result "1/2-1/2"]
[WhiteElo "2605"]
[BlackElo "2397"]
[PlyCount "117"]
[EventDate "2019.01.04"]
[EventType "team-tourn"]
[EventRounds "11"]
[EventCountry "ISR"]
[SourceTitle "CBM 188 Extra"]
[Source "ChessBase"]
[SourceDate "2019.02.26"]
[SourceVersion "1"]
[SourceVersionDate "2019.02.26"]
[SourceQuality "1"]
[WhiteTeam "Beer Sheva Alef Levant"]
[BlackTeam "Tsafrir Rehovot"]
[WhiteTeamCountry "ISR"]
[BlackTeamCountry "ISR"]

1. Nf3 d5 2. g3 Nc6 3. d4 Bf5 4. Bg2 Nb4 5. Na3 e6 6. 0-0 Nf6 7. Nh4 Be4 8. f3 Bg6 9. c3 Na6 10. Qb3 Rb8 11. e4 Be7 12. Nxg6 hxg6 13. Bf4 Nh5 14. Be3 Nf6 15. Bf4 Nh5 16. Bd2 Nf6 17. Rad1 b5 18. exd5 exd5 19. Rfe1 c6 20. Nc2 0-0 21. a4 Nc7 22. axb5 Nxb5 23. Qa4 Qd7 24. Bf1 a5 25. Kg2 Rfe8 26. b3 Ra8 27. Re2 Reb8 28. Ne1 Bd6 29. Nd3 Qc7 30. Ree1 Qb7 31. Ra1 Nd7 32. Qa2 Nc7 33. Rab1 Nb5 34. Rb2 Qa7 35. Rc2 Qb7 36. Rb2 Qa7 37. Rd1 a4 38. bxa4 Qxa4 39. Qxa4 Rxa4 40. Nf4 Na3 41. Rxb8+ Nxb8 42. Ra1 Nd7 43. Nd3 Ra7 44. Bf4 Bxf4 45. Nxf4 Nb5 46. Rxa7 Nxa7 47. h4 Kf8 48. Kf2 Ke7 49. Ke3 Kd6 50. c4 dxc4 51. Bxc4 Ke7 52. Nd3 Nb6 53. Bb3 Nd5+ 54. Ke4 Nc3+ 55. Ke3 Nd5+ 56. Bxd5 cxd5 57. Ne5 Nb5 58. Kd3 Ke6 59. g4 1/2-1/2

[Event "ISR-ch"]
[Site "Maalot Tarshiha"]
[Date "2018.12.17"]
[Round "6"]
[White "Galburd, Yan"]
[Black "Gershkowich, David"]
[Result "1-0"]
[WhiteElo "2382"]
[BlackElo "2193"]
[PlyCount "85"]
[EventDate "2018.12.12"]
[EventType "swiss"]
[EventRounds "9"]
[EventCountry "ISR"]
[SourceTitle "CBM 187 Extra"]
[Source "ChessBase"]
[SourceDate "2018.11.04"]
[SourceVersion "1"]
[SourceVersionDate "2018.11.04"]
[SourceQuality "1"]

1. Nf3 Nf6 2. g3 b6 3. Bg2 Bb7 4. 0-0 e6 5. d3 d5 6. Nbd2 c5 7. e4 Be7 8. Re1 Nc6 9. c3 Qc7 10. Qe2 h6 11. a3 0-0-0 12. b4 g5 13. h3 Bf8 14. e5 Nd7 15. d4 Ne7 16. Nf1 c4 17. g4 Ng6 18. Ng3 a6 19. Nh5 Be7 20. Nh2 Rdg8 21. Rf1 Nh4 22. Bh1 Qd8 23. f4 Qe8 24. fxg5 hxg5 25. Be3 Bd8 26. Rf2 Rh7 27. Raf1 Bc6 28. Qc2 Ng6 29. Bg2 Rgh8 30. Qd2 Nh4 31. Bxg5 Bxg5 32. Qxg5 Nxg2 33. Rxg2 Ba4 34. Qd2 Qe7 35. Nf3 Rg8 36. h4 Rxg4 37. Rxg4 Rxh5 38. Rg8+ Kc7 39. Ng5 Rxh4 40. Qg2 f5 41. exf6 Nxf6 42. Rg7 Qxg7 43. Nxe6+ 1-0

[Event "ISR-ch"]
[Site "Maalot Tarshiha"]
[Date "2018.12.15"]
[Round "4"]
[White "Galburd, Yan"]
[Black "Mindlin, Alon"]
[Result "0-1"]
[WhiteElo "2382"]
[BlackElo "2472"]
[PlyCount "82"]
[EventDate "2018.12.12"]
[EventType "swiss"]
[EventRounds "9"]
[EventCountry "ISR"]
[SourceTitle "CBM 187 Extra"]
[Source "ChessBase"]
[SourceDate "2018.11.04"]
[SourceVersion "1"]
[SourceVersionDate "2018.11.04"]
[SourceQuality "1"]

1. d4 Nf6 2. Nf3 d5 3. Bf4 c5 4. e3 Nc6 5. Nbd2 Bf5 6. dxc5 e6 7. Nd4 Bxc5 8. Nxf5 exf5 9. Bb5 0-0 10. 0-0 Bd6 11. Bxd6 Qxd6 12. Be2 f4 13. exf4 Qxf4 14. g3 Qh6 15. Nf3 Rfe8 16. Re1 Ng4 17. h4 Qf6 18. Qxd5 Re5 19. Qc4 h5 20. Qf4 Rf5 21. Qe4 Nce5 22. Nd4 Rxf2 23. Rf1 Re8 24. Bxg4 Nf3+ 25. Kxf2 Rxe4 26. Bxf3 Rxd4 27. Rad1 Rxd1 28. Rxd1 Qxb2 29. Rd8+ Kh7 30. Be4+ g6 31. Rd7 Qxa2 32. Rxb7 Qc4 33. Bd3 Qd4+ 34. Kf1 Kg7 35. Rc7 a5 36. Rc6 Qe5 37. Kf2 a4 38. Ra6 a3 39. Kg2 a2 40. c3 Qd5+ 41. Kh2 Qb3 0-1

[Event "ISR-ch"]
[Site "Maalot Tarshiha"]
[Date "2018.12.14"]
[Round "3"]
[White "Baron, Tal"]
[Black "Galburd, Yan"]
[Result "0-1"]
[WhiteElo "2532"]
[BlackElo "2382"]
[PlyCount "50"]
[EventDate "2018.12.12"]
[EventType "swiss"]
[EventRounds "9"]
[EventCountry "ISR"]
[SourceTitle "CBM 187 Extra"]
[Source "ChessBase"]
[SourceDate "2018.11.04"]
[SourceVersion "1"]
[SourceVersionDate "2018.11.04"]
[SourceQuality "1"]

1. d4 Nf6 2. c4 e6 3. Nf3 d5 4. Nc3 Bb4 5. cxd5 exd5 6. Bg5 Nbd7 7. e3 h6 8. Bh4 g5 9. Bg3 Ne4 10. Nd2 Nxg3 11. hxg3 c6 12. Bd3 Nb6 13. Qh5 Qf6 14. a3 Be7 15. g4 Be6 16. Rc1 0-0-0 17. b4 Kb8 18. Nb3 Bd6 19. Nc5 Qe7 20. a4 Nd7 21. Nxe6 fxe6 22. b5 c5 23. dxc5 Nxc5 24. Be2 Qg7 25. 0-0 Nb3 0-1

[Event "ISR-ch"]
[Site "Maalot Tarshiha"]
[Date "2018.12.13"]
[Round "2"]
[White "Galburd, Yan"]
[Black "Lukin, Elisha"]
[Result "1-0"]
[WhiteElo "2382"]
[BlackElo "2280"]
[PlyCount "59"]
[EventDate "2018.12.12"]
[EventType "swiss"]
[EventRounds "9"]
[EventCountry "ISR"]
[SourceTitle "CBM 187 Extra"]
[Source "ChessBase"]
[SourceDate "2018.11.04"]
[SourceVersion "1"]
[SourceVersionDate "2018.11.04"]
[SourceQuality "1"]

1. d4 d5 2. c4 c6 3. cxd5 cxd5 4. Bf4 Nc6 5. e3 Bf5 6. Nc3 Nf6 7. Qb3 Na5 8. Qa4+ Bd7 9. Qc2 Rc8 10. Bd3 e6 11. Nf3 b5 12. a3 Nc4 13. 0-0 Nh5 14. Be5 a5 15. Qe2 f6 16. Bg3 Nxg3 17. hxg3 f5 18. b3 Nxa3 19. Nxb5 Nxb5 20. Bxb5 Bd6 21. Bxd7+ Qxd7 22. Rxa5 0-0 23. Rfa1 Rb8 24. Ra7 Qc6 25. Ng5 Bc7 26. Qh5 h6 27. Nxe6 Qxe6 28. Rxc7 Rfc8 29. Ra6 Qe8 30. Rxg7+ 1-0

[Event "EU-Cup 34th"]
[Site "Porto Carras"]
[Date "2018.10.13"]
[Round "2.4"]
[White "Jakovenko, Dmitrij"]
[Black "Galburd, Yan"]
[Result "1-0"]
[WhiteElo "2752"]
[BlackElo "2358"]
[PlyCount "127"]
[EventDate "2018.10.12"]
[EventType "team-swiss"]
[EventRounds "7"]
[EventCountry "GRE"]
[SourceTitle "CBM 187"]
[Source "ChessBase"]
[SourceDate "2018.12.11"]
[SourceVersion "1"]
[SourceVersionDate "2018.12.11"]
[SourceQuality "1"]
[WhiteTeam "Alkaloid"]
[BlackTeam "Rehovot"]
[WhiteTeamCountry "MKD"]
[BlackTeamCountry "ISR"]

1. d4 Nf6 2. c4 e6 3. Nf3 d5 4. Bg5 Bb4+ 5. Nbd2 0-0 6. e3 b6 7. cxd5 exd5 8. Bd3 Bg4 9. 0-0 c5 10. h3 Bh5 11. Qc2 Bg6 12. Bxg6 hxg6 13. dxc5 Bxc5 14. Rad1 Nbd7 15. Nb1 Rc8 16. Qb3 Be7 17. Nc3 Nc5 18. Qb5 Qe8 19. Qxe8 Rfxe8 20. Nxd5 Nxd5 21. Rxd5 Bxg5 22. Nxg5 Ne6 23. Nxe6 Rxe6 24. Rfd1 Rc2 25. Rd8+ Kh7 26. R8d7 Rf6 27. R1d2 Rxd2 28. Rxd2 Rc6 29. h4 Rc1+ 30. Kh2 f6 31. Kg3 Rc5 32. e4 g5 33. hxg5 Rxg5+ 34. Kf3 Ra5 35. a3 Rc5 36. Ke3 Kg6 37. f4 Rc1 38. f5+ Kh6 39. g4 Re1+ 40. Kf3 Rf1+ 41. Kg3 Kh7 42. Rd7 Re1 43. Kf3 Rf1+ 44. Ke2 Rf4 45. Kd3 Rxg4 46. Rxa7 Rg3+ 47. Kc4 Re3 48. Re7 b5+ 49. Kxb5 Rb3+ 50. Kc4 Rxb2 51. a4 Kh6 52. a5 Ra2 53. Kb5 Rb2+ 54. Kc6 Ra2 55. Kb6 Rb2+ 56. Ka7 Rb4 57. a6 g6 58. Re6 Kg5 59. fxg6 Kxg6 60. e5 Kf5 61. Rb6 Rh4 62. exf6 Kg6 63. f7+ Kxf7 64. Kb7 1-0